01454nab a2200205 i 4500001000400000003000400004005001700008008003900025040000800064041000800072044000800080080001900088100016600107245023700273260001000510500002100520520057900541650003101120773009701151BPPBPK20180409105739.0140417s1985 pl f |000 0 eng cBPK aeng aPOL a532:621.51/.54 aMAJKA, Krzysztof.d1973 - 1996.bWyższa Szkoła Inżynierska w Koszalinie - Instytut Konstrukcji i Eksploatacji Maszyn,cZakład Termodynamiki i Chłodnictwa aSkin friction investigation in a compressor cascade end-wall boundary layers = Badanie współczynnika naprężeń stycznych w warstwie przyściennej palisady profili sprężarki osiowej /cKrzysztof Majka, S. Soundranayagam. c1985. aDane z autopsji. aW pracy porównano naprężenia styczne pomierzone w palisadzie łopatek sprężarkowych dla różnych wartości szczeliny wierzchołkowej, z obliczonymi w oparciu o metody Ludwieg'a i Tillmann'a oraz Clauser'a. Obliczenia przeprowadzono używając różnych modeli na prędkość efektywną z zamiarem znalezienia modelu możliwie najlepiej odzwierciedlającego trójwymiarowy charakter tego typu warstwy. Zaprezentowano i przedyskutowano ponadto występowanie wyraźnie zaznaczonych przyściennych obszarów logarytmicznych w tego typu przepływach. 0aSprężarki chłodnicze. iW :tArchiwum Termodynamiki = Archives of Termodynamics. -gVol. 6, 1985, nr 3-4, s. 239-254